The All England Law Reports : consolidated Index, 1936-2011 Vol.3 / (Record no. 5279)

MARC details
000 -LEADER
fixed length control field 00793nam a22001817a 4500
008 - FIXED-LENGTH DATA ELEMENTS--GENERAL INFORMATION
fixed length control field 130228t xxu||||| |||| 00| 0 eng d
020 ## - INTERNATIONAL STANDARD BOOK NUMBER
International Standard Book Number 9-7814-0571-8813
082 ## - DEWEY DECIMAL CLASSIFICATION NUMBER
Edition number 22 ed.
Classification number 348.42
Item number ALL
100 ## - MAIN ENTRY--PERSONAL NAME
Personal name Edited by Herring, Wendy
9 (RLIN) 6935
245 ## - TITLE STATEMENT
Title The All England Law Reports : consolidated Index, 1936-2011 Vol.3 /
Statement of responsibility, etc Edited by Wendy Herring
260 ## - PUBLICATION, DISTRIBUTION, ETC. (IMPRINT)
Place of publication, distribution, etc UK :
Name of publisher, distributor, etc LexisNexis
Date of publication, distribution, etc 2011
300 ## - PHYSICAL DESCRIPTION
Extent 1401 P. ;
Dimensions 25 cm.
650 ## - SUBJECT ADDED ENTRY--TOPICAL TERM
Topical term or geographic name as entry element ALL ER consolidated Index, 1936-2011 Vol.3
9 (RLIN) 6941
650 ## - SUBJECT ADDED ENTRY--TOPICAL TERM
Topical term or geographic name as entry element All England Law Reports
9 (RLIN) 6942
650 ## - SUBJECT ADDED ENTRY--TOPICAL TERM
Topical term or geographic name as entry element The All England Law Reports : consolidated Index, 1936-2011 Vol.3
9 (RLIN) 6943
942 ## - ADDED ENTRY ELEMENTS (KOHA)
Source of classification or shelving scheme Dewey Decimal Classification
Item type Law Reports
Holdings
Withdrawn status Lost status Source of classification or shelving scheme Damaged status Not for loan Home library Current library Shelving location Date acquired Total Checkouts Full call number Barcode Date last seen Copy number Price effective from Koha item type Public note
    Dewey Decimal Classification     Law Development Centre Main Library Law Development Centre Main Library Law Reports 02/28/2013   348.42 ALL 4290/2013 02/28/2013 1 02/28/2013 Law Reports Reserve